| 000 | 00682nam a2200217 a 4500 | ||
|---|---|---|---|
| 001 | 000008687 | ||
| 005 | 20240412074208.0 | ||
| 008 | 090918n199? dr 001 j spa d | ||
| 040 |
_aDO-SdBNP _bspa _cBNPHU |
||
| 082 |
_aRD863.44 _bS684v |
||
| 100 | 1 |
_aSolano Sosa, Rafael David _923131 |
|
| 245 | 1 | 0 |
_aVida real / _cRafael David Solano Sosa ; prólogo J. Armando Lora. |
| 260 |
_a[Santo Domingo : _bs.n., _c199?]. |
||
| 300 |
_a125 p. ; _c17 cm. |
||
| 590 | _aInventariado, 2020 / DG | ||
| 650 | 0 |
_aCuentos dominicanos _9176 |
|
| 650 | 0 |
_aLiteratura dominicana. _967 |
|
| 700 | 1 |
_aLora, J. Armando, _epról. _923132 |
|
| 910 | _aValidado. Control de calidad EMS. | ||
| 049 | _aBNPD | ||
| 999 |
_c8457 _d8457 |
||